| 000 | 00923naa a2200265 c 4500 | ||
|---|---|---|---|
| 001 | 41389 | ||
| 003 | ES-MaCES | ||
| 005 | 20110308144400.0 | ||
| 008 | 110308n2010 sp t 000 | spa d | ||
| 035 | _aCES20110002811v | ||
| 040 |
_aES-MaCES _bspa _cES-MaCES |
||
| 100 | 1 |
_aAlemañ Cano, Jaime _95894 |
|
| 245 | 1 | 3 |
_aLa nueva cuestión social y el futuro del contrato de trabajo _cJaime Alemañ Cano |
| 500 | _aResumen | ||
| 650 | 4 |
_ahistoria _927251 |
|
| 650 | 4 |
_aresponsabilidad social _930590 |
|
| 650 | 4 |
_alegislación del trabajo _927166 |
|
| 650 | 4 |
_acontrato _929505 |
|
| 650 | 4 |
_atrabajador _928414 |
|
| 653 | 1 | 0 | _aDerecho del trabajo y Seguridad Social |
| 773 | 0 |
_tRevista española de Derecho del trabajo _gn. 148 (oct.-dic. 2010){10040 R. 078066}; p. 945-958 _w(ES-MaCES)25060 _932391 |
|
| 902 | _aART Artículo de revista | ||
| 942 |
_2CES _cAR _h6.0.1. |
||
| 999 |
_c41389 _d41389 |
||